Newsies Songs (Broadway) Quiz Stats

 Plays Quiz not verified by Sporcle

Support Sporcle.
Go Orange.
Score 0/17 Timer 03:00
0 Plays Today
Song % Correct
Santa Fe
97.6%
Carrying the Banner
93.3%
Seize the Day
88.1%
Watch What Happens
85.2%
King of New York
84.8%
The Bottom Line
80.9%
That's Rich
80.4%
The World Will Know
79.3%
Once and for All
77.1%
Song % Correct
Overture
75%
Finale
74.7%
Watch What Happens (Reprise)
69.3%
Santa Fe (Prologue)
68.8%
Brooklyn's Here
67.7%
The Bottom Line (Reprise)
62.8%
Something to Believe In
61.6%
I Never Planned on You/Don't Come a-Knocking
55.9%

You're not logged in!

Compare scores with friends on all Sporcle quizzes.
OR
Log In

From the Vault

Royal Flush

by googlebird

This quiz just might turn you into a gambler.
Remove Ads.
Support Sporcle.
Get the best of Sporcle when you Go Orange. This ad-free experience offers more features, more stats, and more fun while also helping to support Sporcle. Thank you for becoming a member.

Show Comments

Extras

Top Quizzes Today


Score Distribution

Your Account Isn't Verified!

In order to create a playlist on Sporcle, you need to verify the email address you used during registration. Go to your Sporcle Settings to finish the process.

Report this User

Report this user for behavior that violates our Community Guidelines.

Details: